हिंदू समाजसुधारणा (Record no. 948834)

MARC details
000 -LEADER
fixed length control field 00360nam a2200133Ia 4500
008 - FIXED-LENGTH DATA ELEMENTS--GENERAL INFORMATION
fixed length control field 151001s9999||||xx |||||||||||||| ||und||
100 ## - MAIN ENTRY--PERSONAL NAME
Personal name रा गो तळवलकर
245 ## - TITLE STATEMENT
Title हिंदू समाजसुधारणा
250 ## - EDITION STATEMENT
Edition statement 1
260 ## - PUBLICATION, DISTRIBUTION, ETC. (IMPRINT)
Name of publisher, distributor, etc आर्यभूषण प्रेस
260 ## - PUBLICATION, DISTRIBUTION, ETC. (IMPRINT)
Date of publication, distribution, etc 1891
300 ## - PHYSICAL DESCRIPTION
Extent 50
365 ## - TRADE PRICE
Price amount 8.5

No items available.